000 00644nam a2200205 a 4500
001 000020984
005 20200930011215.0
008 100825s1997 sp 000 0 spa d
020 _a8478290133
040 _aDO-SdBNP
_bspa
_cBNPHU
082 _axxx
_bS226i
100 1 _aSanguino Botella, Javier
_943941
245 1 0 _aIniciación a Letex2e :
_bun sistema para preparar documentos /
_cJavier Sanguino Botella.
260 _aMadrid :
_bAddison-Wesley,
_c1997.
300 _a213 p. ;
_c25 cm.
500 _aIncluye índice de nombres.
500 _aIncluye notas al pie de las páginas.
504 _aBibliografía : p. 207.
049 _aBNGR
999 _c20487
_d20487